000 00471nam a22001697a 4500
005 20240724111634.0
008 240724b |||||||| |||| 00| 0 eng d
020 _a9781118862841
082 _a006.696
_bDAR-I
100 _aDerakhshani, Dariush
245 _aIntroducing Autodesk Maya 2015 /
_cDariush Derakhshani,
260 _ausa:
_bwiley;
_c2014.
300 _axiv, 584 p. :
_bill;
_c24 cm.
500 _ainclude index.
650 _agraphics design
999 _c36205
_d36205